[Event "Bern Ambassador op"]
[Site "Bern"]
[Date "2000.12.28"]
[Round "5"]
[White "Gilles, Raphael"]
[Black "Landenbergue, Claude"]
[Result "1/2-1/2"]
[WhiteElo "2250"]
[BlackElo "2390"]
[PlyCount "126"]
[EventDate "2000.12.26"]
[EventType "swiss"]
[EventRounds "7"]
[EventCountry "SUI"]
[SourceTitle "EXT 2002"]
[Source "ChessBase"]
[SourceDate "2001.11.25"]
[SourceVersion "1"]
[SourceVersionDate "2001.11.25"]
[SourceQuality "1"]

1. d4 Nf6 2. Bg5 Ne4 3. Bf4 d5 4. e3 c5 5. Bd3 cxd4 6. Bxe4 dxe4 7. Qxd4 Nc6 8. Qxd8+ Kxd8 9. Nc3 e5 10. 0-0-0+ Ke8 11. Bg3 Bf5 12. Nb5 Rc8 13. Ne2 Bg4 14. Rhe1 f6 15. h3 Bh5 16. a3 a6 17. Nbc3 Bg6 18. Rd5 Rd8 19. Red1 Be7 20. Bh2 h5 21. Ng3 f5 22. Nge2 Bf7 23. Rxd8+ Bxd8 24. f4 exf3 25. gxf3 Rh6 26. Nd5 Rg6 27. Ng3 Rd6 28. Nc3 Rxd1+ 29. Kxd1 g6 30. Nge2 g5 31. Kd2 Bb6 32. Ng3 Ne7 33. Nge2 Ng6 34. Bg3 Be6 35. f4 h4 36. Be1 exf4 37. exf4 g4 38. hxg4 fxg4 39. Ne4 g3 40. f5 g2 41. fxg6 h3 42. Bg3 g1Q 43. Nxg1 Bxg1 44. Ng5 Bd5 45. Nxh3 Bd4 46. c3 Bg7 47. Kd3 Be6 48. Ng5 Bf5+ 49. Kc4 Kd7 50. Kc5 Bxg6 51. Kb6 Kc8 52. Ne6 Bh6 53. Be5 Be4 54. b4 Bd5 55. Nc5 Be3 56. Bd4 Bf4 57. Nxa6 bxa6 58. Kxa6 Bc7 59. Kb5 Kb7 60. Kc5 Bf3 61. a4 Bd1 62. a5 Bxa5 63. bxa5 Be2 1/2-1/2

[Event "Bern Ambassador op"]
[Site "Bern"]
[Date "2000.12.28"]
[Round "4"]
[White "Montavon, Gerard"]
[Black "Gilles, Raphael"]
[Result "0-1"]
[WhiteElo "2052"]
[BlackElo "2250"]
[PlyCount "68"]
[EventDate "2000.12.26"]
[EventType "swiss"]
[EventRounds "7"]
[EventCountry "SUI"]
[SourceTitle "EXT 2002"]
[Source "ChessBase"]
[SourceDate "2001.11.25"]
[SourceVersion "1"]
[SourceVersionDate "2001.11.25"]
[SourceQuality "1"]

1. e4 c5 2. b4 cxb4 3. a3 d5 4. e5 Nc6 5. d4 Qb6 6. Ne2 Bg4 7. Be3 e6 8. axb4 Bxb4+ 9. c3 Ba5 10. f3 Bf5 11. Kf2 Nge7 12. Na3 0-0 13. g4 Bg6 14. h4 f5 15. exf6 Rxf6 16. Bg2 Raf8 17. Qd2 Qc7 18. h5 Be4 19. f4 e5 20. dxe5 Nxe5 21. Rh4 d4 22. Qxd4 Bxg2 23. Kxg2 Qc6+ 24. Kf2 Qf3+ 25. Ke1 Bb6 26. Qxe5 Bxe3 27. Rh2 Nc6 28. Qb5 Bxf4 29. Nxf4 Qxc3+ 30. Kd1 Rd8+ 31. Nd5 Qxa1+ 32. Nb1 Rf1+ 33. Qxf1 Qxb1+ 34. Ke2 Nd4+ 0-1

[Event "Biel MTO op"]
[Site "Biel"]
[Date "1995.??.??"]
[Round "4"]
[White "Gilles, Raphael"]
[Black "Golubev, Mikhail"]
[Result "0-1"]
[WhiteElo "2235"]
[BlackElo "2525"]
[PlyCount "56"]
[EventDate "1995.07.??"]
[EventType "swiss"]
[EventRounds "11"]
[EventCountry "SUI"]
[SourceTitle "CBM 048 Extra"]
[Source "ChessBase"]
[SourceDate "1995.11.01"]
[SourceVersion "1"]
[SourceVersionDate "1995.11.01"]
[SourceQuality "1"]

1. d4 Nf6 2. Bg5 c5 3. d5 Ne4 4. Bf4 Qb6 5. Nd2 Qxb2 6. Nxe4 Qb4+ 7. Qd2 Qxe4 8. Nf3 e6 9. d6 Nc6 10. e3 Nb4 11. Bd3 Nxd3+ 12. cxd3 Qc6 13. Qc3 f6 14. Rc1 Bxd6 15. Bxd6 Qxd6 16. 0-0 b6 17. d4 c4 18. Qxc4 Bb7 19. a4 0-0 20. a5 Rfc8 21. Qa4 Bc6 22. Qa2 Qd5 23. Qxd5 Bxd5 24. axb6 axb6 25. Rb1 Rab8 26. Rb4 b5 27. Rfb1 Be4 28. Ra1 Rc4 0-1

[Event "SUI-chT"]
[Site "Switzerland"]
[Date "1993.??.??"]
[Round "?"]
[White "Gilles, Raphael"]
[Black "Kortschnoj, Viktor Lvovich"]
[Result "0-1"]
[WhiteElo "2240"]
[BlackElo "2605"]
[PlyCount "74"]
[EventDate "1993.??.??"]
[EventType "team-tourn"]
[EventRounds "9"]
[EventCountry "SUI"]
[SourceTitle "TD"]
[Source "ChessBase"]
[SourceDate "1994.03.01"]
[SourceVersion "1"]
[SourceVersionDate "1994.03.01"]
[SourceQuality "1"]

1. d4 Nf6 2. Bg5 Ne4 3. Bf4 d5 4. f3 Nf6 5. e4 e6 6. Nc3 Be7 7. Qd2 0-0 8. 0-0-0 a6 9. Bg5 b5 10. e5 Nfd7 11. f4 c5 12. Bxe7 Qxe7 13. dxc5 Nxc5 14. Bd3 b4 15. Nce2 a5 16. Nf3 Ba6 17. Kb1 b3 18. a3 Nbd7 19. Ned4 Rfc8 20. Bxa6 bxc2+ 21. Qxc2 Rxa6 22. Rhe1 Rb6 23. Re3 Rcb8 24. Ka2 Rxb2+ 25. Qxb2 Rxb2+ 26. Kxb2 Nb6 27. Ka2 Nc4 28. Rb1 h6 29. Rc3 Kh7 30. Rb8 a4 31. Rb4 f6 32. g3 Ne4 33. Rc2 Nc5 34. exf6 gxf6 35. Re2 Nd3 36. Rxc4 dxc4 37. Rxe6 Qb7 0-1

[Event "Belfort op"]
[Site "Belfort"]
[Date "1992.??.??"]
[Round "7"]
[White "Gilles, Raphael"]
[Black "Ragozin, Evgeni"]
[Result "1-0"]
[WhiteElo "2285"]
[BlackElo "2415"]
[PlyCount "64"]
[EventDate "1992.??.??"]
[EventType "swiss"]
[EventRounds "9"]
[EventCountry "FRA"]
[SourceTitle "EXT 1999"]
[Source "ChessBase"]
[SourceDate "1998.11.16"]
[SourceVersion "1"]
[SourceVersionDate "1998.11.16"]
[SourceQuality "1"]

1. c4 Nf6 2. g3 g6 3. Bg2 d5 4. cxd5 Nxd5 5. Nc3 Nb6 6. d3 Nc6 7. Nf3 Bg7 8. Be3 0-0 9. 0-0 h6 10. Rc1 e5 11. Ne4 Re8 12. Nc5 Nd4 13. a4 a5 14. Qd2 Kh7 15. h4 Nf5 16. h5 gxh5 17. Nh2 Nd5 18. Be4 b6 19. Nf3 Kg8 20. Bxd5 Qxd5 21. Ne4 Rd8 22. Kg2 h4 23. Nxh4 Nxh4+ 24. gxh4 f5 25. Bxh6 fxe4 26. Rg1 c5 27. Bxg7 Kxg7 28. Kh2+ Kh7 29. Rg5 Rg8 30. Rh5+ Kg6 31. Rh6+ Kf7 32. Rh7+ Ke6 1-0

[Event "Paris-ch op"]
[Site "Paris"]
[Date "1991.??.??"]
[Round "1"]
[White "Delebarre, Xavier"]
[Black "Gilles, Raphael"]
[Result "1-0"]
[WhiteElo "2265"]
[BlackElo "2100"]
[PlyCount "135"]
[EventDate "1991.05.??"]
[EventType "swiss"]
[EventRounds "9"]
[EventCountry "FRA"]
[SourceTitle "TD"]
[Source "ChessBase"]
[SourceDate "1994.03.01"]
[SourceVersion "1"]
[SourceVersionDate "1994.03.01"]
[SourceQuality "1"]

1. h3 b6 2. b4 e6 3. Bb2 Nf6 4. a3 Bb7 5. e3 c5 6. bxc5 bxc5 7. c4 Nc6 8. Nc3 Be7 9. Nf3 0-0 10. d4 cxd4 11. exd4 d5 12. c5 Qa5 13. Qd2 Ba6 14. Nxd5 Qxd2+ 15. Nxd2 Bxf1 16. Nxe7+ Nxe7 17. Rxf1 Rfd8 18. Nc4 Nc6 19. 0-0-0 Rd5 20. Rfe1 Rad8 21. Nd6 Ne8 22. Nxe8 Rxe8 23. Bc3 Red8 24. Kc2 Kf8 25. f4 Ke7 26. Re4 f5 27. Re3 Nxd4+ 28. Kb2 Rb8+ 29. Ka2 Ne2 30. Be5 Rxd1 31. Bxb8 Nd4 32. g3 Rd2+ 33. Kb1 Nc6 34. Bd6+ Kd7 35. Kc1 Rh2 36. g4 g6 37. Rb3 Kc8 38. Re3 Kd7 39. Rd3 Kc8 40. Rb3 Ra2 41. g5 Rg2 42. Kd1 Rg1+ 43. Kd2 Rg2+ 44. Ke1 Rh2 45. Kf1 Ra2 46. Kg1 Ra1+ 47. Kg2 Ra2+ 48. Kg3 Ra1 49. Rd3 Re1 50. Kf2 Re4 51. Rb3 Rc4 52. h4 Rc2+ 53. Kg3 Rc1 54. h5 Rh1 55. hxg6 hxg6 56. Kg2 Rh8 57. a4 Rh7 58. Re3 Kd7 59. Re1 a5 60. Bf8 Nb4 61. Rd1+ Nd5 62. Kg3 Kc6 63. Re1 Kd7 64. c6+ Kxc6 65. Rxe6+ Kb7 66. Rxg6 Rh3+ 67. Kf2 Nxf4 68. Rf6 1-0

[Event "Meudon op"]
[Site "Meudon"]
[Date "1991.??.??"]
[Round "4"]
[White "Gilles, Raphael"]
[Black "Castillo Bermudez, Manuel"]
[Result "1/2-1/2"]
[WhiteElo "2100"]
[BlackElo "2275"]
[PlyCount "110"]
[EventDate "1991.??.??"]
[EventType "swiss"]
[EventRounds "7"]
[EventCountry "FRA"]
[SourceTitle "EXT 1997"]
[Source "ChessBase"]
[SourceDate "1996.11.15"]
[SourceVersion "1"]
[SourceVersionDate "1996.11.15"]
[SourceQuality "1"]

1. e4 e5 2. Nf3 Nc6 3. Bb5 a6 4. Ba4 Nf6 5. d4 b5 6. Bb3 Nxe4 7. dxe5 Nc5 8. 0-0 Be7 9. Nc3 Nxb3 10. axb3 0-0 11. Nxb5 Bb7 12. Nc3 Re8 13. Nd5 d6 14. Nxe7+ Qxe7 15. exd6 cxd6 16. Be3 Ne5 17. Nd4 Qh4 18. f3 Qf6 19. Qd2 h6 20. Bf4 Rad8 21. Bg3 Re7 22. Qf4 Qg6 23. Qf5 Rc7 24. Qxg6 Nxg6 25. Rfe1 Bc8 26. Kf2 Ne5 27. Rad1 f6 28. c3 Kf7 29. Rd2 Nc6 30. Nc2 Rb7 31. Rxd6 Rxd6 32. Bxd6 Rxb3 33. Ba3 Ne5 34. Kg3 Nc4 35. Re7+ Kg6 36. Rc7 Nxa3 37. Nxa3 Bf5 38. Rc6 Bd3 39. c4 Rxb2 40. Rxa6 Ra2 41. Ra5 Bf1 42. c5 Rxg2+ 43. Kf4 Kf7 44. c6 Ke7 45. Rd5 g5+ 46. Kf5 Ra2 47. Rd7+ Ke8 48. Ra7 Rxh2 49. Ra8+ Ke7 50. c7 Bh3+ 51. Kg6 Rf2 52. c8Q Bxc8 53. Rxc8 Rxf3 54. Nb5 g4 55. Nd4 Ra3 1/2-1/2

[Event "Paris-ch op"]
[Site "Paris"]
[Date "1991.??.??"]
[Round "6"]
[White "Gilles, Raphael"]
[Black "Verat, Laurent"]
[Result "1-0"]
[WhiteElo "2100"]
[BlackElo "2290"]
[PlyCount "73"]
[EventDate "1991.05.??"]
[EventType "swiss"]
[EventRounds "9"]
[EventCountry "FRA"]
[SourceTitle "TD"]
[Source "ChessBase"]
[SourceDate "1994.03.01"]
[SourceVersion "1"]
[SourceVersionDate "1994.03.01"]
[SourceQuality "1"]

1. c4 Nf6 2. g3 e6 3. Nf3 d5 4. b3 Be7 5. Bg2 0-0 6. 0-0 b6 7. Bb2 Bb7 8. Ne5 Nbd7 9. d4 c5 10. Nc3 cxd4 11. Qxd4 Bc6 12. Qf4 Nh5 13. Qf3 Nhf6 14. Qf4 Nh5 15. Qf3 Nhf6 16. Na4 Bd6 17. Nxd7 Nxd7 18. cxd5 Bxd5 19. e4 Bc6 20. Rfd1 Qc7 21. Rac1 Ne5 22. Qh5 g6 23. Qe2 b5 24. Nc3 a6 25. Nd5 exd5 26. exd5 Rae8 27. dxc6 Nc4 28. Qc2 Nxb2 29. Qxb2 Be5 30. Qa3 a5 31. Qc5 Rd8 32. Qxb5 Bd4 33. Qb7 Qe5 34. c7 Rc8 35. Bh3 f5 36. Bg2 Rfe8 37. Qd5+ 1-0

[Event "Paris-ch op"]
[Site "Paris"]
[Date "1991.??.??"]
[Round "3"]
[White "Yedidia, Jonathan"]
[Black "Gilles, Raphael"]
[Result "1-0"]
[WhiteElo "2260"]
[BlackElo "2100"]
[PlyCount "85"]
[EventDate "1991.05.??"]
[EventType "swiss"]
[EventRounds "9"]
[EventCountry "FRA"]
[SourceTitle "TD"]
[Source "ChessBase"]
[SourceDate "1994.03.01"]
[SourceVersion "1"]
[SourceVersionDate "1994.03.01"]
[SourceQuality "1"]

1. d4 d5 2. Nf3 c6 3. e3 Bg4 4. h3 Bh5 5. c4 e6 6. Nc3 Nd7 7. Be2 f5 8. g4 fxg4 9. Nd2 Ngf6 10. hxg4 Bg6 11. g5 Ne4 12. Ndxe4 dxe4 13. Bh5 Qxg5 14. Nxe4 Qf5 15. Ng3 Qf7 16. Qb3 0-0-0 17. Bd2 Bxh5 18. Rxh5 e5 19. Rf5 Qg6 20. dxe5 Nc5 21. Qc2 Nd3+ 22. Kf1 h5 23. e4 h4 24. Rg5 Qe8 25. Nh1 Bc5 26. b4 Bd4 27. Rd1 Bxe5 28. Be3 Nxb4 29. Qe2 Rxd1+ 30. Qxd1 Bf6 31. Qg4+ Kb8 32. Ra5 Na6 33. Qf4+ Ka8 34. e5 Bd8 35. Ra3 Qd7 36. Qe4 h3 37. Rd3 Qe8 38. e6 Bb6 39. Bxb6 axb6 40. e7 Qf7 41. Rd8+ Ka7 42. Rxh8 Nc5 43. e8Q 1-0

[Event "Clichy"]
[Site "Clichy"]
[Date "1990.??.??"]
[Round "2"]
[White "Mozny, Milos"]
[Black "Gilles, Raphael"]
[Result "1-0"]
[WhiteElo "2370"]
[BlackElo "2200"]
[PlyCount "65"]
[EventDate "1990.??.??"]
[EventType "tourn"]
[EventRounds "9"]
[EventCountry "FRA"]
[EventCategory "4"]
[SourceTitle "EXT 1997"]
[Source "ChessBase"]
[SourceDate "1996.11.15"]
[SourceVersion "1"]
[SourceVersionDate "1996.11.15"]
[SourceQuality "1"]

1. d4 d5 2. Nf3 c6 3. c4 e6 4. cxd5 exd5 5. Nc3 Nf6 6. Bg5 Be7 7. e3 Nbd7 8. Bd3 h6 9. Bh4 0-0 10. Bc2 Ne4 11. Bxe7 Qxe7 12. Nxe4 dxe4 13. Nd2 f5 14. Qe2 Nf6 15. 0-0 Be6 16. a3 a5 17. Rac1 Kh8 18. Bb3 Bxb3 19. Nxb3 Nd5 20. g3 g5 21. Nd2 Qe6 22. Rc5 Rae8 23. Re1 f4 24. Rxa5 fxe3 25. fxe3 Rf5 26. Ra7 Ref8 27. Rxb7 Qc8 28. Rb3 Rf2 29. Qxf2 Rxf2 30. Kxf2 c5 31. dxc5 Qxc5 32. Re2 Ne7 33. Rb4 1-0

[Event "Clichy"]
[Site "Clichy"]
[Date "1990.??.??"]
[Round "9"]
[White "Verat, Laurent"]
[Black "Gilles, Raphael"]
[Result "0-1"]
[WhiteElo "2240"]
[BlackElo "2200"]
[PlyCount "70"]
[EventDate "1990.??.??"]
[EventType "tourn"]
[EventRounds "9"]
[EventCountry "FRA"]
[EventCategory "4"]
[SourceTitle "EXT 1997"]
[Source "ChessBase"]
[SourceDate "1996.11.15"]
[SourceVersion "1"]
[SourceVersionDate "1996.11.15"]
[SourceQuality "1"]

1. d4 d5 2. c4 c6 3. Nf3 e6 4. Qc2 Nf6 5. g3 Ne4 6. Bg2 Be7 7. 0-0 0-0 8. b3 a5 9. Bb2 Bd7 10. Nbd2 f5 11. Ne5 Be8 12. f3 Nxd2 13. Qxd2 Nd7 14. Nxd7 Qxd7 15. e4 Bf7 16. Rac1 a4 17. cxd5 exd5 18. e5 axb3 19. axb3 Ra2 20. Ra1 Rfa8 21. f4 b5 22. h3 Be6 23. Kh2 Rxa1 24. Rxa1 Rxa1 25. Bxa1 Qa7 26. Bc3 Kf7 27. Qd1 Qa3 28. g4 g6 29. Bf3 Qa2+ 30. Kg1 Bh4 31. Bd2 Qb2 32. Be3 Bg3 33. Bg2 Qc3 34. Bc1 fxg4 35. hxg4 Bxg4 0-1